000 00541nam a2200229Ia 4500
008 170203s9999 xx 000 0 und d
020 _a0-394832477
050 _aFic
050 _b.D923d 1976
100 _aDunn, Judy
245 4 _aThe Little Duck /
245 _c Judy Dunn
260 _aNew York :
260 _bRandom House, Inc.,
260 _c1976
300 _a32 pages :
300 _bcol. Ill. ;
300 _c21 cm.
440 _aA Random House pictureback
650 _aducks--
650 _xJuvenile Literature.
999 _c306053
_d306053